<?xml version="1.0" encoding="UTF-8"?>
<collection xmlns="http://www.loc.gov/MARC21/slim">
 <record>
  <leader>     na                 </leader>
  <controlfield tag="001">INLIS000000000001042</controlfield>
  <controlfield tag="005">20250109074656</controlfield>
  <datafield tag="035" ind1=" " ind2=" ">
   <subfield code="a">0010-0125000008</subfield>
  </datafield>
  <controlfield tag="007">ta</controlfield>
  <controlfield tag="008">250109                           0      </controlfield>
  <datafield tag="020" ind1=" " ind2=" ">
   <subfield code="a">978-623-8684-25-0</subfield>
  </datafield>
  <datafield tag="082" ind1=" " ind2=" ">
   <subfield code="a">297.5</subfield>
  </datafield>
  <datafield tag="084" ind1=" " ind2=" ">
   <subfield code="a">297.5 SAR a</subfield>
  </datafield>
  <datafield tag="100" ind1="0" ind2=" ">
   <subfield code="a">Sari, Anti Retno</subfield>
  </datafield>
  <datafield tag="245" ind1="1" ind2=" ">
   <subfield code="a">Akidah Akhlak kelas V :</subfield>
   <subfield code="b">kelas V /</subfield>
   <subfield code="c">Merdeka Belajar Keputusan Menteri Agama (KMA)</subfield>
  </datafield>
  <datafield tag="250" ind1=" " ind2=" ">
   <subfield code="a">pertama</subfield>
  </datafield>
  <datafield tag="260" ind1=" " ind2=" ">
   <subfield code="a">Sidoarjo :</subfield>
   <subfield code="b">PT GLOBAL OFFSET SEJAHTERA,</subfield>
   <subfield code="c">2024</subfield>
  </datafield>
  <datafield tag="300" ind1=" " ind2=" ">
   <subfield code="a">124 :</subfield>
   <subfield code="b">29,7 cm ;</subfield>
   <subfield code="c">29,7 cm</subfield>
  </datafield>
  <datafield tag="990" ind1=" " ind2=" ">
   <subfield code="a">P204101</subfield>
  </datafield>
  <datafield tag="990" ind1=" " ind2=" ">
   <subfield code="a">P204102</subfield>
  </datafield>
  <datafield tag="990" ind1=" " ind2=" ">
   <subfield code="a">P204103</subfield>
  </datafield>
  <datafield tag="990" ind1=" " ind2=" ">
   <subfield code="a">P204104</subfield>
  </datafield>
  <datafield tag="990" ind1=" " ind2=" ">
   <subfield code="a">P204105</subfield>
  </datafield>
 </record>
</collection>
